| 000 | 00920cab a2200193 4500 | ||
|---|---|---|---|
| 001 | ##L134534 | ||
| 008 | 060814n2006 000 0 eng u | ||
| 035 | _a(Sirsi) u134534 | ||
| 041 | 0 | _aeng | |
| 100 | 1 | _aKucharek, Jan-Carlos | |
| 245 | 0 | 0 | _aMoney can't buy it |
| 260 | _c2006 | ||
| 490 | 0 |
_aRIBA Journal _v113(8) August 2006, 36-41(6) |
|
| 520 | _aReports on the findings of the 2006 "RIBA Journal"/Hays architecture earnings survey. Overall, salaries failed to keep pace with inflation, falling by 2.2% in real terms. There was a significant rise, however, in the pay of associates, reflecting their new value within the office structure. Wage differences between regions are narrowing, although London remains top with median earnings of £40 000. Tables and bar chart. | ||
| 590 | _aIKA220806 | ||
| 651 | 4 |
_aUnited Kingdom _y |
|
| 690 | _aMANAGEMENT-BUSINESS MANAGEMENT-PROFESSIONAL PRACTICE | ||
| 942 | _n0 | ||
| 999 |
_c77552 _d77552 |
||